Riadenie zákaziek v Artis, spol. s.r.o bakalárska práca

Na minha lista:
Detalhes bibliográficos
Autor principal: Musulinová, Kristina
Autor Corporativo: Podnikovohospodárska fakulta EU so sídlom v Košiciach. Katedra obchodného podnikania
Outros Autores: Mihalčová, Bohuslava, 1963-
Formato: Livro
Idioma:eslovaco
Publicado em: Košice 2015
Tags: Adicionar Tag
Sem tags, seja o primeiro a adicionar uma tag!

MARC

LEADER 00000nbm a2200000 4500
001 0202325
005 20161212094604.6
041 0 |a slo 
044 |a SK 
245 1 0 |a Riadenie zákaziek v Artis, spol. s.r.o  |b bakalárska práca  |c Kristina Musulinová ; školiteľ: Bohuslava Mihalčová 
264 1 |a Košice  |c 2015 
300 |a 47 s. 
100 1 |a Musulinová, Kristina 
700 1 |a Mihalčová, Bohuslava, 1963- 
710 2 |a Podnikovohospodárska fakulta EU so sídlom v Košiciach. Katedra obchodného podnikania